Iconic Landmark to Country - Statistics

General Stats
  • This quiz has been taken 62 times
    12 since last reset
  • The average score is 14 of 20
Answer Stats
Picture Answer % Correct
China
100%
Germany
100%
India
100%
Italy
100%
Russia
100%
United Kingdom
100%
United States
100%
Australia
92%
Mexico
92%
Canada
75%
Switzerland
67%
Brazil
58%
Thailand
50%
Ukraine
42%
United Arab Emirates
42%
Zambia
42%
Argentina
33%
Turkey
25%
Bangladesh
17%
Guatemala
17%
No matching quizzes found
Score Distribution
Percent of People with Each Score
Percentile by Number Answered
Your Score History
You have not taken this quiz since the last reset